000 00269nam a2200133Ia 4500
100 _aKoskin/N
942 _cBK
654 _aPhysics
245 _aHand Book Of Elementary Physics
260 _bMir Publishers
082 _a530
300 _a214
546 _aENGLISH
999 _c27881
_d27881